Govt. of
Madhya Pradesh

Normal view MARC view

Entry Personal Name

Number of records used in: 1

001 - CONTROL NUMBER

  • control field: 82621

003 - CONTROL NUMBER IDENTIFIER

  • control field: OSt

005 - DATE AND TIME OF LATEST TRANSACTION

  • control field: 20241020121823.0

008 - FIXED-LENGTH DATA ELEMENTS

  • fixed length control field: 241020|| aca||aabn | a|a d

040 ## - CATALOGING SOURCE

  • Original cataloging agency: OSt
  • Transcribing agency: OSt

100 ## - HEADING--PERSONAL NAME

  • Personal name: DISHA TEAM

670 ## - SOURCE DATA FOUND

  • Source citation: Work cat.: (OSt)67281: DISHA TEAM, लक्ष्य JEE Main 2025 16 PREVIOUS वर्षवार SOLVED PAPERS, 2024